|
|
|
|
| LEADER |
00800nam a2200229Ia 4500 |
| 001 |
TDMU_3829 |
| 008 |
210410s9999 xx 000 0 und d |
| 082 |
|
|
|a 728
|
| 090 |
|
|
|b T7364
|
| 100 |
|
|
|a Trịnh, Hồng Đoàn
|
| 245 |
|
0 |
|a Nhà cao tầng - Thiết kế và xây dựng
|
| 245 |
|
0 |
|c Trịnh Hồng Đoàn, Nguyễn Hồng Thục, Khuất Tân Hưng
|
| 245 |
|
0 |
|n T1
|
| 245 |
|
0 |
|p Kiến trúc nhà cao tầng
|
| 260 |
|
|
|a H.
|
| 260 |
|
|
|b Xây dựng
|
| 260 |
|
|
|c 2009
|
| 300 |
|
|
|a 332tr.
|
| 650 |
|
|
|a Nhà cao tầng
|x Thiết kế và xây dựng
|
| 700 |
|
|
|a Nguyễn, Hồng Thục
|
| 856 |
|
|
|u http://lrc.tdmu.edu.vn/opac/search/detail.asp?aID=2&ID=3829
|
| 980 |
|
|
|a Trung tâm Học liệu Trường Đại học Thủ Dầu Một
|